[Event "WchT Seniors 65"]
[Site "Prague"]
[Date "2025.02.23"]
[Round "6.14"]
[White "Huss, Andreas"]
[Black "Heim, Sverre"]
[Result "1-0"]
[WhiteElo "2202"]
[BlackElo "2312"]
[PlyCount "111"]
[EventDate "2025.02.17"]
[EventType "team-swiss"]
[EventRounds "9"]
[EventCountry "CZE"]
[SourceTitle "CB09_2025"]
[SourceDate "2025.02.27"]
[SourceVersion "1"]
[SourceVersionDate "2025.02.27"]
[SourceQuality "1"]
[WhiteTeam "Switzerland 65"]
[BlackTeam "Norge OSS 65"]
[WhiteTeamCountry "SUI"]
[BlackTeamCountry "NOR"]

1. d4 Nf6 2. c4 e6 3. Nf3 Bb4+ 4. Nbd2 b6 5. a3 Bxd2+ 6. Qxd2 Bb7 7. e3 0-0 8. Bd3 c5 9. dxc5 bxc5 10. b4 d5 11. 0-0 dxc4 12. Bxc4 Nbd7 13. Rd1 Qe7 14. Bb2 Rfd8 15. Qe1 Nb6 16. Be2 Nfd5 17. bxc5 Qxc5 18. Bd4 Qe7 19. a4 Nb4 20. Rdc1 Rac8 21. a5 N6d5 22. a6 Ba8 23. Rxc8 Rxc8 24. Rc1 Rxc1 25. Qxc1 Nc6 26. Bc5 Qc7 27. Qa3 f6 28. h3 Kf7 29. Bc4 Nb6 30. Bd3 g6 31. Bd6 Qd8 32. e4 Ne7 33. Nd4 Nbc8 34. Bc5 Nc6 35. Qc3 Nxd4 36. Qxd4 Qxd4 37. Bxd4 e5 38. Bc5 Ke6 39. f3 Kd7 40. Bb5+ Bc6 41. Bd3 Kc7 42. Kf2 Bd7 43. g4 Kc6 44. Bf8 Nd6 45. Be7 Ne8 46. Bc4 f5 47. exf5 gxf5 48. g5 f4 49. Bd3 Bxh3 50. Bxh7 Nc7 51. Be4+ Kd7 52. Bf6 Nxa6 53. g6 Nc5 54. Bb1 Ke6 55. g7 Kf7 56. Bh7 1-0

[Event "WchT Seniors 65"]
[Site "Prague"]
[Date "2025.02.20"]
[Round "4.22"]
[White "Sadeghi, Hassan Roger"]
[Black "Heim, Sverre"]
[Result "1/2-1/2"]
[WhiteElo "2029"]
[BlackElo "2312"]
[PlyCount "57"]
[EventDate "2025.02.17"]
[EventType "team-swiss"]
[EventRounds "9"]
[EventCountry "CZE"]
[SourceTitle "CB09_2025"]
[SourceDate "2025.02.27"]
[SourceVersion "1"]
[SourceVersionDate "2025.02.27"]
[SourceQuality "1"]
[WhiteTeam "Riehen 65"]
[BlackTeam "Norge OSS 65"]
[WhiteTeamCountry "SUI"]
[BlackTeamCountry "NOR"]

1. d4 e6 2. Nf3 Nf6 3. Bg5 c5 4. e3 cxd4 5. exd4 b6 6. Nbd2 Be7 7. Bd3 Bb7 8. 0-0 0-0 9. Re1 d6 10. c3 Nbd7 11. Nc4 b5 12. Ne3 a6 13. a4 Rb8 14. Qe2 Be4 15. Bxe4 Nxe4 16. Bxe7 Qxe7 17. axb5 axb5 18. d5 Ndf6 19. Nd4 Qd7 20. Nc6 Rb6 21. f3 Nc5 22. b4 Na4 23. c4 exd5 24. Nxd5 Rxc6 25. Qe7 Qf5 26. Qxf6 Qxf6 27. Nxf6+ gxf6 28. cxb5 Rb6 29. Rxa4 1/2-1/2

[Event "Bad Griesbach Seniors op 23rd"]
[Site "Bad Griesbach"]
[Date "2021.11.17"]
[Round "4"]
[White "Peist, Juergen"]
[Black "Heim, Sverre"]
[Result "1/2-1/2"]
[WhiteElo "2316"]
[BlackElo "2317"]
[PlyCount "44"]
[EventDate "2021.11.14"]
[EventType "swiss"]
[EventRounds "7"]
[EventCountry "GER"]
[SourceTitle "EXT 2024"]
[Source "ChessBase"]
[SourceDate "2023.10.10"]
[SourceVersion "1"]
[SourceVersionDate "2023.10.10"]
[SourceQuality "1"]

1. d4 d5 2. c4 Nc6 3. Nf3 Bg4 4. cxd5 Bxf3 5. gxf3 Qxd5 6. e3 e6 7. Nc3 Qh5 8. f4 Qxd1+ 9. Kxd1 Nf6 10. Bg2 0-0-0 11. Ke2 Ne7 12. Bd2 Nf5 13. Rhc1 Kb8 14. Na4 b6 15. Nc3 a6 16. Ne4 Nxe4 17. Bxe4 Ne7 18. Bb4 g6 19. Rc4 Nd5 20. Bxf8 Rhxf8 21. Rac1 Rd7 22. a3 Rc8 1/2-1/2

[Event "WchT Seniors 65"]
[Site "Prague"]
[Date "2020.03.12"]
[Round "7.2"]
[White "Heim, Sverre"]
[Black "Jedlicka, Vladimir"]
[Result "1-0"]
[WhiteElo "2316"]
[BlackElo "2068"]
[PlyCount "55"]
[EventDate "2020.03.06"]
[EventType "team-swiss"]
[EventRounds "7"]
[EventCountry "CZE"]
[SourceTitle "CBM 195 Extra"]
[Source "ChessBase"]
[SourceDate "2020.05.31"]
[SourceVersion "1"]
[SourceVersionDate "2020.05.31"]
[SourceQuality "1"]
[WhiteTeam "Norway 65"]
[BlackTeam "Czech Republic 65 IV"]
[WhiteTeamCountry "NOR"]
[BlackTeamCountry "CZE"]

1. e4 e5 2. Nf3 d6 3. d4 Nd7 4. c4 c6 5. Nc3 Ngf6 6. Be2 Qc7 7. 0-0 Be7 8. Re1 h6 9. b3 Nf8 10. Bb2 g5 11. c5 Ng6 12. cxd6 Bxd6 13. Rc1 Qe7 14. dxe5 Nxe5 15. Qd2 Nxf3+ 16. Bxf3 Bf4 17. Qd4 Bxc1 18. Rxc1 c5 19. Qd2 0-0 20. e5 Ne8 21. Nd5 Qe6 22. h3 f5 23. exf6 Qf7 24. h4 Be6 25. hxg5 Kh8 26. Ne7 hxg5 27. Qxg5 Nxf6 28. Qh6+ 1-0

[Event "EU-Cup 21st"]
[Site "Saint Vincent"]
[Date "2005.09.21"]
[Round "4.4"]
[White "Heim, Sverre"]
[Black "Jonsson, Bjorgvin"]
[Result "1/2-1/2"]
[WhiteElo "2339"]
[BlackElo "2415"]
[PlyCount "217"]
[EventDate "2005.09.18"]
[EventType "team-swiss"]
[EventRounds "7"]
[EventCountry "ITA"]
[SourceTitle "CBM 110"]
[Source "ChessBase"]
[SourceDate "2006.01.31"]
[SourceVersion "1"]
[SourceVersionDate "2006.01.31"]
[SourceQuality "1"]
[WhiteTeam "Oslo"]
[BlackTeam "Reykjavik CC"]
[WhiteTeamCountry "NOR"]
[BlackTeamCountry "ISL"]

1. e4 c6 2. d3 d5 3. Nd2 e5 4. Ngf3 Bd6 5. g3 Nf6 6. Bg2 0-0 7. 0-0 Bg4 8. h3 Bh5 9. a3 h6 10. b4 Nbd7 11. Bb2 a5 12. c3 Re8 13. Qb3 Qc7 14. Rfe1 Bg6 15. Nh2 axb4 16. axb4 Rxa1 17. Rxa1 dxe4 18. dxe4 b5 19. c4 bxc4 20. Qxc4 Rb8 21. Bc3 Qb7 22. Rb1 Nb6 23. Qb3 Qc7 24. Ng4 Nxg4 25. hxg4 c5 26. b5 c4 27. Qa2 f6 28. Bf1 Bf7 29. Qc2 Ra8 30. Be2 Ra4 31. Nf1 Bc5 32. Qd2 Qb7 33. Bd1 Ra3 34. Bb4 Rd3 35. Qe2 Bxb4 36. Rxb4 Rd4 37. Bc2 c3 38. Rb1 Qc7 39. Qe3 Qc5 40. Nh2 Qa3 41. Nf3 Nc4 42. Qc1 Rd8 43. Bb3 Qb4 44. Bxc4 Qxc4 45. Qc2 Bg6 46. Re1 Rb8 47. Nd2 Qxb5 48. Qxc3 Rd8 49. Re3 Bf7 50. Kg2 Qd7 51. Nf1 Qxg4 52. f3 Qe6 53. Rd3 Rc8 54. Qd2 Kh7 55. Ne3 Qa2 56. Qxa2 Bxa2 57. Rd7 Be6 58. Re7 Rc6 59. f4 exf4 60. gxf4 Kg8 61. f5 Bf7 62. e5 Kf8 63. exf6 gxf6 64. Ra7 h5 65. Kf3 Rc3 66. Kf4 Rb3 67. Ra1 Rb4+ 68. Kg3 Kg7 69. Ra7 Rd4 70. Ng2 Rg4+ 71. Kf3 Rg5 72. Nh4 Kg8 73. Ra8+ Kh7 74. Ra7 Rg7 75. Kf2 Kh6 76. Ng2 Kg5 77. Ne3 h4 78. Ra4 Bh5 79. Ng2 Bg4 80. Ne3 Bh5 81. Ng2 Bg4 82. Ne3 Bh5 83. Ng2 Rb7 84. Nxh4 Rb2+ 85. Kg3 Rb3+ 86. Kh2 Bg4 87. Ng2 Bxf5 88. Kg1 Bg4 89. Kf2 Rf3+ 90. Kg1 f5 91. Rb4 Rc3 92. Rb2 Bf3 93. Ne1 Be4 94. Kf2 Rh3 95. Rb4 Ra3 96. Rb2 Kg4 97. Rd2 f4 98. Rb2 Rh3 99. Rb8 Rh2+ 100. Kg1 Re2 101. Rg8+ Kf5 102. Rf8+ Ke5 103. Kf1 Rb2 104. Rd8 Rb3 105. Kf2 f3 106. Re8+ Kd4 107. Rd8+ Kc5 108. Rf8 Rb2+ 109. Kg3 1/2-1/2

[Event "EU-Cup 21st"]
[Site "Saint Vincent"]
[Date "2005.09.20"]
[Round "3.4"]
[White "Mortensen, John"]
[Black "Heim, Sverre"]
[Result "1/2-1/2"]
[WhiteElo "2152"]
[BlackElo "2339"]
[PlyCount "38"]
[EventDate "2005.09.18"]
[EventType "team-swiss"]
[EventRounds "7"]
[EventCountry "ITA"]
[SourceTitle "CBM 110"]
[Source "ChessBase"]
[SourceDate "2006.01.31"]
[SourceVersion "1"]
[SourceVersionDate "2006.01.31"]
[SourceQuality "1"]
[WhiteTeam "Aarhus"]
[BlackTeam "Oslo"]
[WhiteTeamCountry "DEN"]
[BlackTeamCountry "NOR"]

1. e4 e6 2. d4 d5 3. Nd2 Be7 4. Ngf3 Nf6 5. Bd3 c5 6. exd5 Qxd5 7. dxc5 Nbd7 8. Bc4 Qxc5 9. 0-0 0-0 10. Qe2 Nb6 11. Bd3 Nbd5 12. Ne4 Nxe4 13. Qxe4 Nf6 14. Qe2 b6 15. Be3 Qh5 16. Bf4 Bb7 17. Ne5 Qxe2 18. Bxe2 Rfd8 19. Rfd1 Rac8 1/2-1/2

[Event "NOR-chT"]
[Site "Moss"]
[Date "2005.05.06"]
[Round "3"]
[White "Sahl, Bjarke"]
[Black "Heim, Sverre"]
[Result "1/2-1/2"]
[WhiteElo "2405"]
[BlackElo "2308"]
[PlyCount "84"]
[EventDate "2005.05.04"]
[EventType "team-tourn"]
[EventRounds "5"]
[EventCountry "NOR"]
[SourceTitle "EXT 2007"]
[Source "ChessBase"]
[SourceDate "2006.11.23"]
[SourceVersion "1"]
[SourceVersionDate "2006.11.23"]
[SourceQuality "1"]

1. e4 Nf6 2. e5 Nd5 3. Nf3 d6 4. c4 Nb6 5. d4 g6 6. a4 a5 7. Nc3 Bg7 8. Be3 0-0 9. c5 N6d7 10. e6 fxe6 11. Ng5 Nf6 12. Bc4 d5 13. Bb3 Nc6 14. f4 Nb4 15. 0-0 c6 16. Re1 e5 17. dxe5 Ng4 18. Qd2 Nxe3 19. Qxe3 h6 20. Nf3 b6 21. Nd4 e6 22. cxb6 Qxb6 23. Kh1 Rb8 24. Na2 c5 25. Nb5 c4 26. Qxb6 Rxb6 27. Nxb4 axb4 28. Bc2 Rxf4 29. Bxg6 Bd7 30. Nc7 Rb7 31. Ne8 Bxe8 32. Bxe8 Rf5 33. a5 Rxe5 34. a6 Ra7 35. Rf1 Re2 36. Bh5 Rxb2 37. Bf7+ Kh8 38. Bxe6 Re2 39. Rae1 Rxe1 40. Rxe1 Bc3 41. Rf1 Rxa6 42. Bxd5 Ra1 1/2-1/2

[Event "EU-Cup 20th"]
[Site "Izmir"]
[Date "2004.10.09"]
[Round "7.2"]
[White "Heim, Sverre"]
[Black "Haznedaroglu, Kivanc"]
[Result "1-0"]
[WhiteElo "2341"]
[BlackElo "2394"]
[PlyCount "85"]
[EventDate "2004.10.03"]
[EventType "team-swiss"]
[EventRounds "7"]
[EventCountry "TUR"]
[SourceTitle "CBM 104"]
[Source "ChessBase"]
[SourceDate "2005.01.27"]
[SourceVersion "1"]
[SourceVersionDate "2005.01.27"]
[SourceQuality "1"]
[WhiteTeam "Oslo"]
[BlackTeam "Istanbul Eczacibasi"]
[WhiteTeamCountry "NOR"]
[BlackTeamCountry "TUR"]

1. e4 c5 2. Nf3 Nc6 3. d4 cxd4 4. Nxd4 Nf6 5. Nc3 e5 6. Ndb5 d6 7. Nd5 Nxd5 8. exd5 Nb8 9. c4 Be7 10. Bd3 0-0 11. 0-0 a6 12. Nc3 f5 13. f3 Nd7 14. Kh1 g5 15. b4 a5 16. Ba3 Kh8 17. Nb5 axb4 18. Bxb4 Nc5 19. Bxc5 dxc5 20. Qc2 Ra6 21. Rae1 Rh6 22. Rxe5 Bf6 23. Re2 Bg7 24. g3 Bd7 25. a4 Qb8 26. f4 gxf4 27. gxf4 Rh4 28. Qd2 Be8 29. Rg2 Bh5 30. Qf2 Rh3 31. Rg3 Rxg3 32. hxg3 b6 33. Kg2 Rf6 34. Re1 Qg8 35. Re5 Bg4 36. Qe3 h5 37. Re8 Rf8 38. Nd6 h4 39. Qe6 Rxe8 40. Qxe8 hxg3 41. Nf7+ Kh7 42. Ng5+ Kh8 43. Qg6 1-0

[Event "NOR-ch"]
[Site "Molde"]
[Date "2004.07.10"]
[Round "9"]
[White "Stokke, Kjetil"]
[Black "Heim, Sverre"]
[Result "1/2-1/2"]
[WhiteElo "2214"]
[BlackElo "2368"]
[PlyCount "38"]
[EventDate "2004.07.03"]
[EventType "swiss"]
[EventRounds "9"]
[EventCountry "NOR"]
[SourceTitle "CBM 101 Extra"]
[Source "ChessBase"]
[SourceDate "2004.09.01"]
[SourceVersion "2"]
[SourceVersionDate "2004.09.01"]
[SourceQuality "1"]

1. d4 Nf6 2. Bg5 e6 3. e4 h6 4. Bxf6 Qxf6 5. Nf3 d6 6. Nc3 Nd7 7. Bd3 Qd8 8. Ne2 c5 9. c3 Be7 10. 0-0 0-0 11. Ng3 b6 12. Qe2 Bb7 13. Rfe1 Rc8 14. Ba6 Qc7 15. Rad1 cxd4 16. cxd4 Rfe8 17. d5 Bxa6 18. Qxa6 Bf6 19. dxe6 Rxe6 1/2-1/2

[Event "NOR-ch"]
[Site "Molde"]
[Date "2004.07.05"]
[Round "3"]
[White "Heim, Sverre"]
[Black "Ostmoe, Geir S Tallaksen"]
[Result "1/2-1/2"]
[WhiteElo "2368"]
[BlackElo "2360"]
[PlyCount "37"]
[EventDate "2004.07.03"]
[EventType "swiss"]
[EventRounds "9"]
[EventCountry "NOR"]
[SourceTitle "CBM 101 Extra"]
[Source "ChessBase"]
[SourceDate "2004.09.01"]
[SourceVersion "2"]
[SourceVersionDate "2004.09.01"]
[SourceQuality "1"]

1. e4 e5 2. Nf3 Nc6 3. Bb5 a6 4. Ba4 Nf6 5. 0-0 Be7 6. Re1 b5 7. Bb3 d6 8. c3 0-0 9. d4 exd4 10. cxd4 Bg4 11. Be3 Na5 12. Bc2 c5 13. h3 cxd4 14. Bxd4 Bh5 15. g4 Bg6 16. Nc3 Nc6 17. Nd5 Rc8 18. Rc1 Re8 19. Bb1 1/2-1/2

[Event "NOR-ch"]
[Site "Molde"]
[Date "2004.07.04"]
[Round "2"]
[White "Gausel, Einar"]
[Black "Heim, Sverre"]
[Result "1/2-1/2"]
[WhiteElo "2520"]
[BlackElo "2368"]
[PlyCount "48"]
[EventDate "2004.07.03"]
[EventType "swiss"]
[EventRounds "9"]
[EventCountry "NOR"]
[SourceTitle "CBM 101 Extra"]
[Source "ChessBase"]
[SourceDate "2004.09.01"]
[SourceVersion "2"]
[SourceVersionDate "2004.09.01"]
[SourceQuality "1"]

1. Nf3 c5 2. c4 g6 3. d4 cxd4 4. Nxd4 Bg7 5. Nc2 Nc6 6. g3 d6 7. Bg2 Nf6 8. Nc3 0-0 9. 0-0 Nd7 10. Bd2 a5 11. Rb1 Nc5 12. Ne3 Be6 13. Ned5 Bxd5 14. Nxd5 Rb8 15. Nc3 Qd7 16. b3 Na7 17. Nd5 Nc6 18. Be3 Rfd8 19. a3 e6 20. Nf4 Qc7 21. b4 axb4 22. axb4 Nd7 23. Qb3 Nd4 24. Qa2 Ra8 1/2-1/2

[Event "NOR-chTA final"]
[Site "Trondheim"]
[Date "2004.05.22"]
[Round "4.2"]
[White "Agdestein, Simen"]
[Black "Heim, Sverre"]
[Result "1-0"]
[WhiteElo "2595"]
[BlackElo "2368"]
[PlyCount "93"]
[EventDate "2004.05.19"]
[EventType "team-tourn"]
[EventRounds "5"]
[EventCountry "NOR"]
[SourceTitle "CBM 100 Extra"]
[Source "ChessBase"]
[SourceDate "2004.07.06"]
[SourceVersion "2"]
[SourceVersionDate "2004.07.06"]
[SourceQuality "1"]
[WhiteTeam "06"]
[BlackTeam "03"]
[WhiteTeamCountry "NOR"]
[BlackTeamCountry "NOR"]

1. d4 Nf6 2. c4 e6 3. Nc3 Bb4 4. a3 Bxc3+ 5. bxc3 c5 6. e3 0-0 7. Bd3 Nc6 8. Ne2 b6 9. e4 d6 10. 0-0 Ba6 11. f4 Na5 12. f5 exf5 13. Rxf5 Ne8 14. Rh5 Qd7 15. Nf4 cxd4 16. cxd4 Bxc4 17. Bxc4 Nxc4 18. Nd5 Rc8 19. Qe1 f6 20. Rh3 b5 21. Qh4 g6 22. Bh6 Rf7 23. Rf1 g5 24. Nxf6+ Nxf6 25. Qxg5+ Kh8 26. Rxf6 Rg8 27. Rxf7 Qxf7 28. Qxb5 Qe6 29. Qf5 Qxf5 30. exf5 Rb8 31. Rg3 Rb1+ 32. Kf2 Rb5 33. f6 Rf5+ 34. Ke2 d5 35. Rb3 Kg8 36. Bg7 Nd6 37. Rb8+ Kf7 38. Ra8 Kg6 39. a4 Ne4 40. Ke3 Rf2 41. Bh8 a6 42. a5 Ra2 43. Rxa6 Rxg2 44. Ra7 Rxh2 45. Rg7+ Kh6 46. f7 Rf2 47. a6 1-0

[Event "Gausdal Classics GM 2nd"]
[Site "Gausdal"]
[Date "2003.10.27"]
[Round "9.6"]
[White "Afek, Yochanan"]
[Black "Heim, Sverre"]
[Result "1/2-1/2"]
[WhiteElo "2376"]
[BlackElo "2379"]
[PlyCount "26"]
[EventDate "2003.10.21"]
[EventType "tourn"]
[EventRounds "11"]
[EventCountry "NOR"]
[EventCategory "8"]
[SourceTitle "EXT 2004"]
[Source "ChessBase"]
[SourceDate "2003.11.25"]
[SourceVersion "1"]
[SourceVersionDate "2003.11.25"]
[SourceQuality "1"]

1. e4 e6 2. d4 d5 3. e5 c5 4. c3 Nc6 5. Nf3 Qb6 6. a3 Nh6 7. b4 cxd4 8. cxd4 Nf5 9. Bb2 Bd7 10. g4 Nh6 11. Rg1 f6 12. g5 fxg5 13. Rxg5 g6 1/2-1/2

[Event "Gausdal Classics GM 2nd"]
[Site "Gausdal"]
[Date "2003.10.25"]
[Round "6.3"]
[White "Heim, Sverre"]
[Black "Ostmoe, Geir S Tallaksen"]
[Result "1/2-1/2"]
[WhiteElo "2379"]
[BlackElo "2327"]
[PlyCount "88"]
[EventDate "2003.10.21"]
[EventType "tourn"]
[EventRounds "11"]
[EventCountry "NOR"]
[EventCategory "8"]
[SourceTitle "EXT 2004"]
[Source "ChessBase"]
[SourceDate "2003.11.25"]
[SourceVersion "1"]
[SourceVersionDate "2003.11.25"]
[SourceQuality "1"]

1. d4 Nf6 2. c4 e6 3. Nc3 Bb4 4. f3 d5 5. a3 Bxc3+ 6. bxc3 c5 7. cxd5 Nxd5 8. dxc5 Qa5 9. e4 Ne7 10. Be3 0-0 11. Qb3 Qc7 12. Nh3 e5 13. Nf2 Nec6 14. Nd3 Be6 15. Qc2 Na5 16. Nb4 Nd7 17. Nd5 Bxd5 18. exd5 Nxc5 19. Rb1 Nd7 20. c4 Nb6 21. Rb5 Nbxc4 22. Bd2 Rac8 23. Bxa5 Qd7 24. Qb3 Nxa5 25. Rxa5 Qc7 26. Ra4 Qc1+ 27. Kf2 Rc2+ 28. Kg3 f5 29. Kh3 e4 30. d6+ Kh8 31. Qe6 Qg5 32. Qe7 Qh6+ 33. Qh4 Qxd6 34. fxe4 f4 35. Ra5 Rf6 36. Rh5 Qe6+ 37. Qg4 Qxe4 38. Qd7 Rc3+ 39. g3 Rxg3+ 40. hxg3 Qxh1+ 41. Kg4 Rg6+ 42. Rg5 h5+ 43. Kf5 Rxg5+ 44. Kxg5 Qxf1 1/2-1/2

[Event "Aarhus IM"]
[Site "Aarhus"]
[Date "2003.08.01"]
[Round "6"]
[White "Heim, Sverre"]
[Black "Vinter Schou, Uffe"]
[Result "0-1"]
[WhiteElo "2399"]
[BlackElo "2390"]
[PlyCount "116"]
[EventDate "2003.07.27"]
[EventType "tourn"]
[EventRounds "9"]
[EventCountry "DEN"]
[EventCategory "5"]
[SourceTitle "CBM 095 Extra"]
[Source "ChessBase"]
[SourceDate "2003.09.04"]
[SourceVersion "1"]
[SourceVersionDate "2003.09.04"]
[SourceQuality "1"]

1. e4 c5 2. Nf3 Nc6 3. d4 cxd4 4. Nxd4 Nf6 5. Nc3 d6 6. Bg5 e6 7. Qd2 a6 8. 0-0-0 Bd7 9. f3 b5 10. h4 Be7 11. Kb1 Rc8 12. g4 h5 13. gxh5 Rxh5 14. Nxc6 Rxc6 15. Bd3 Qa5 16. f4 b4 17. Ne2 e5 18. Rhe1 Ng4 19. Ng3 Rh7 20. Bxe7 Kxe7 21. Nf5+ Kf8 22. Qg2 Nf6 23. Qg5 exf4 24. e5 dxe5 25. Nd4 Rh5 26. Nxc6 Bxc6 27. Qg1 Bd5 28. b3 e4 29. Qa7 Re5 30. Qb8+ Re8 31. Qxf4 exd3 32. Rxe8+ Nxe8 33. Rxd3 Qc5 34. Qg5 Nf6 35. h5 Qc6 36. h6 gxh6 37. Qxh6+ Ke7 38. Qh4 Be4 39. Rd2 a5 40. Rf2 Qd6 41. Kc1 Qc6 42. c4 Bg6 43. Qg5 Qd6 44. Rf4 Qe6 45. Kd2 Be4 46. Kc1 Bd3 47. Qg1 Qe5 48. Rd4 Qe2 49. Rxd3 Qxd3 50. Qa7+ Ke6 51. Qxa5 Qf1+ 52. Kc2 Qf5+ 53. Qxf5+ Kxf5 54. a3 bxa3 55. b4 Ke4 56. Kb3 Kd4 57. c5 Nd5 58. Kxa3 f5 0-1

[Event "Aarhus IM"]
[Site "Aarhus"]
[Date "2003.07.29"]
[Round "3"]
[White "Heim, Sverre"]
[Black "Christenson, Flemming"]
[Result "0-1"]
[WhiteElo "2399"]
[BlackElo "2261"]
[PlyCount "88"]
[EventDate "2003.07.27"]
[EventType "tourn"]
[EventRounds "9"]
[EventCountry "DEN"]
[EventCategory "5"]
[SourceTitle "CBM 095 Extra"]
[Source "ChessBase"]
[SourceDate "2003.09.04"]
[SourceVersion "1"]
[SourceVersionDate "2003.09.04"]
[SourceQuality "1"]

1. e4 e5 2. Nf3 Nf6 3. Nc3 Bb4 4. Nxe5 0-0 5. Nd3 Bxc3 6. dxc3 Nxe4 7. Be2 d5 8. 0-0 c6 9. Be3 Nd7 10. Re1 Ndf6 11. f3 Nd6 12. Bf1 h6 13. b3 Bf5 14. Qd2 Re8 15. a4 Nd7 16. Bf2 Rxe1 17. Rxe1 a6 18. Qf4 Bxd3 19. cxd3 Qf6 20. Qxf6 Nxf6 21. Bc5 Re8 22. Kf2 Rxe1 23. Kxe1 Nde8 24. g3 Nd7 25. Be3 Kf8 26. h4 Ke7 27. Bh3 Nc7 28. Ke2 Ne6 29. d4 Nf6 30. Bc1 Ne8 31. Ba3+ Kf6 32. f4 g6 33. Bc1 h5 34. Be3 Nd6 35. Bf2 Ne4 36. Be1 Ng7 37. Kf3 Nf5 38. a5 Ke7 39. Bf1 Nfd6 40. Bd3 f5 41. Ke3 Kd7 42. Kf3 Nb5 43. Bxb5 cxb5 44. b4 Kc6 0-1

[Event "Aarhus IM"]
[Site "Aarhus"]
[Date "2003.07.27"]
[Round "1"]
[White "Heim, Sverre"]
[Black "Matthiesen, Arne"]
[Result "1/2-1/2"]
[WhiteElo "2399"]
[BlackElo "2282"]
[PlyCount "182"]
[EventDate "2003.07.27"]
[EventType "tourn"]
[EventRounds "9"]
[EventCountry "DEN"]
[EventCategory "5"]
[SourceTitle "CBM 095 Extra"]
[Source "ChessBase"]
[SourceDate "2003.09.04"]
[SourceVersion "1"]
[SourceVersionDate "2003.09.04"]
[SourceQuality "1"]

1. e4 d5 2. exd5 Qxd5 3. Nc3 Qa5 4. d4 Nf6 5. Bc4 c6 6. Nf3 Bf5 7. Bd2 e6 8. Qe2 Bb4 9. a3 Nbd7 10. Ne5 Nxe5 11. dxe5 Nd5 12. Bxd5 exd5 13. 0-0 Bxc3 14. Bxc3 Qa4 15. Rac1 c5 16. e6 Bxe6 17. Bxg7 Rg8 18. Be5 Kd7 19. Bg3 Rae8 20. Qh5 Qe4 21. Rfe1 Qf5 22. Qd1 Kc6 23. c4 Bd7 24. Qa4+ Kb6 25. Qb3+ Ka6 26. Rxe8 Rxe8 27. cxd5 b6 28. h3 Re4 29. d6 Ba4 30. Qc3 Qd5 31. b4 c4 32. f3 Rd4 33. Kh2 Bd7 34. Re1 Rd3 35. Qc1 c3 36. Qc2 f6 37. a4 Kb7 38. Re7 Kc8 39. Rxh7 Qd4 40. Rh4 Qe3 41. Rc4+ Kd8 42. Bf4 Rd2 43. Qg6 Qe6 44. Rxc3 Qxh3+ 45. Kg1 Rd1+ 46. Kf2 Qh4+ 47. Qg3 Qxg3+ 48. Bxg3 Rd4 49. a5 Rxb4 50. axb6 Rb2+ 51. Ke3 axb6 52. Bh4 Rxg2 53. Bxf6+ Ke8 54. Rc7 b5 55. f4 b4 56. Rb7 b3 57. Bc3 Rg6 58. Rxb3 Rxd6 59. Ke4 Re6+ 60. Be5 Ra6 61. Rc3 Ke7 62. Bd4 Re6+ 63. Kf3 Rh6 64. Ke4 Rh5 65. Be5 Ke6 66. Rg3 Bc6+ 67. Kd4 Be8 68. Rb3 Bc6 69. Rb6 Kd7 70. Ra6 Rf5 71. Ra7+ Ke6 72. Rh7 Bf3 73. Rh3 Bg2 74. Rh2 Bf3 75. Ke3 Ba8 76. Rh6+ Kd5 77. Rd6+ Kc5 78. Rd8 Bc6 79. Kf2 Be4 80. Ke3 Bc6 81. Kf2 Be4 82. Rc8+ Kd5 83. Ke3 Bh1 84. Rd8+ Kc5 85. Rd6 Bd5 86. Kf2 Be4 87. Kg3 Bb1 88. Kf3 Kc4 89. Ke3 Rh5 90. Rf6 Kd5 91. Kf3 Bf5 1/2-1/2

[Event "NOR-chT"]
[Site "Asker"]
[Date "2003.05.31"]
[Round "4"]
[White "Heim, Sverre"]
[Black "Bern, Ivar"]
[Result "1/2-1/2"]
[WhiteElo "2399"]
[BlackElo "2339"]
[PlyCount "43"]
[EventDate "2003.05.28"]
[EventType "team-tourn"]
[EventRounds "5"]
[EventCountry "NOR"]
[SourceTitle "CBM 094 Extra"]
[Source "ChessBase"]
[SourceDate "2003.07.09"]
[SourceVersion "2"]
[SourceVersionDate "2003.07.09"]
[SourceQuality "1"]

1. e4 c5 2. Nf3 Nc6 3. d4 cxd4 4. Nxd4 d5 5. Nxc6 bxc6 6. exd5 Qxd5 7. Nc3 Qxd1+ 8. Nxd1 e5 9. Bc4 Bc5 10. 0-0 Ne7 11. Re1 Ng6 12. Be3 Bb6 13. a4 Ke7 14. a5 Bxe3 15. Nxe3 Rd8 16. Rad1 Be6 17. g3 f6 18. f3 Rxd1 19. Rxd1 Bxc4 20. Nxc4 Rd8 21. Rxd8 Kxd8 22. Kf2 1/2-1/2

[Event "NOR-chT"]
[Site "Asker"]
[Date "2003.05.30"]
[Round "3"]
[White "Hole, Oystein"]
[Black "Heim, Sverre"]
[Result "1/2-1/2"]
[WhiteElo "2247"]
[BlackElo "2399"]
[PlyCount "49"]
[EventDate "2003.05.28"]
[EventType "team-tourn"]
[EventRounds "5"]
[EventCountry "NOR"]
[SourceTitle "CBM 094 Extra"]
[Source "ChessBase"]
[SourceDate "2003.07.09"]
[SourceVersion "2"]
[SourceVersionDate "2003.07.09"]
[SourceQuality "1"]

1. Nf3 c5 2. c4 g6 3. e4 Nc6 4. d4 cxd4 5. Nxd4 Bg7 6. Be3 Nf6 7. Nc3 Ng4 8. Qxg4 Nxd4 9. Qd1 Ne6 10. Qd2 Qa5 11. Rc1 b6 12. Be2 Bb7 13. f3 d6 14. 0-0 g5 15. a3 h5 16. Rfd1 h4 17. Nd5 Qxd2 18. Rxd2 Rc8 19. b3 Be5 20. a4 Bxd5 21. exd5 Bf4 22. Bxf4 Nxf4 23. Bf1 Kd7 24. Ra1 a5 25. Re1 1/2-1/2

[Event "NOR-chT"]
[Site "Asker"]
[Date "2003.05.28"]
[Round "1"]
[White "Lie, Espen"]
[Black "Heim, Sverre"]
[Result "0-1"]
[WhiteElo "2218"]
[BlackElo "2399"]
[PlyCount "74"]
[EventDate "2003.05.28"]
[EventType "team-tourn"]
[EventRounds "5"]
[EventCountry "NOR"]
[SourceTitle "CBM 094 Extra"]
[Source "ChessBase"]
[SourceDate "2003.07.09"]
[SourceVersion "2"]
[SourceVersionDate "2003.07.09"]
[SourceQuality "1"]

1. c4 c5 2. g3 Nc6 3. Bg2 g6 4. Nc3 Bg7 5. a3 Nh6 6. Rb1 a5 7. e3 Nf5 8. Nge2 d6 9. Nb5 e5 10. b3 0-0 11. Bb2 Nfe7 12. 0-0 Rb8 13. Rc1 b6 14. d4 exd4 15. exd4 d5 16. Qd2 Ba6 17. Rfd1 dxc4 18. d5 Bxb2 19. Qxb2 Bxb5 20. dxc6 Qc8 21. Rd7 Nxc6 22. Bh3 Qe8 23. Nf4 Qe5 24. Qb1 Nd4 25. Rd5 Qg7 26. bxc4 Bc6 27. Rd1 Bxd5 28. cxd5 Qe5 29. Qd3 Rfd8 30. Qe3 Re8 31. Qxe5 Rxe5 32. d6 Rd8 33. d7 f5 34. Nd3 Re6 35. g4 Rxd7 36. gxf5 Nxf5 37. Kg2 Red6 0-1

[Event "NOR-chT fin"]
[Site "Oslo"]
[Date "2002.05.11"]
[Round "4"]
[White "Heim, Sverre"]
[Black "Ekeberg, Carl Fredrik"]
[Result "1-0"]
[WhiteElo "2383"]
[BlackElo "2188"]
[PlyCount "71"]
[EventDate "2002.05.08"]
[EventType "team-tourn"]
[EventRounds "5"]
[EventCountry "NOR"]
[SourceTitle "CBM 088 Extra"]
[Source "ChessBase"]
[SourceDate "2002.07.01"]
[SourceVersion "2"]
[SourceVersionDate "2002.07.01"]
[SourceQuality "1"]

1. e4 c5 2. Nf3 Nc6 3. d4 cxd4 4. Nxd4 Nf6 5. Nc3 e5 6. Ndb5 d6 7. Bg5 a6 8. Na3 b5 9. Nd5 Be7 10. Bxf6 Bxf6 11. c3 Bg5 12. Nc2 Rb8 13. Be2 0-0 14. 0-0 Be6 15. Nce3 g6 16. b4 f5 17. exf5 gxf5 18. f4 Bh6 19. Kh1 Kh8 20. a4 Bg7 21. axb5 axb5 22. Ra6 Bd7 23. Qd2 exf4 24. Nxf4 Be5 25. Ned5 Ne7 26. Bf3 Nxd5 27. Ng6+ Kg7 28. Nxe5 dxe5 29. Qxd5 Qe8 30. Ra7 Rd8 31. Rd1 Rf7 32. Bh5 Be6 33. Qxd8 Qxd8 34. Rxf7+ Bxf7 35. Rxd8 Bxh5 36. Rd5 1-0